Online katalóg knižníc regiónu Turca

Pozdišovské hrnčiarstvo / (Record no. 20112)

MARC details
000 -LEADER
fixed length control field 00862nam a22002651 4500
001 - CONTROL NUMBER
control field 20112
003 - CONTROL NUMBER IDENTIFIER
control field CZ PrNK
005 - DATE AND TIME OF LATEST TRANSACTION
control field 20260116134624.0
008 - FIXED-LENGTH DATA ELEMENTS--GENERAL INFORMATION
fixed length control field 030330s1959 xo ||| | slo
020 ## - INTERNATIONAL STANDARD BOOK NUMBER
Qualifying information (Váz.)
040 ## - CATALOGING SOURCE
Original cataloging agency ABA001
Language of cataloging cze
Transcribing agency ABA001
Modifying agency ABA001
100 1# - MAIN ENTRY--PERSONAL NAME
Personal name Plicková, Ester,
Dates associated with a name 1928-2011
Relationship aut
245 10 - TITLE STATEMENT
Title Pozdišovské hrnčiarstvo /
Statement of responsibility, etc. Ester Plicková
250 ## - EDITION STATEMENT
Edition statement 1. vyd.
260 ## - PUBLICATION, DISTRIBUTION, ETC.
Place of publication, distribution, etc. Bratislava :
Name of publisher, distributor, etc. Slov. vydav. krásnej lit.,
Date of publication, distribution, etc. 1959
300 ## - PHYSICAL DESCRIPTION
Extent 233 s. ;
Dimensions
490 1# - SERIES STATEMENT
Series statement Knižnica ľudového umenia ;
Volume/sequential designation zv. 9
490 1# - SERIES STATEMENT
Series statement Práce Národopisného ústavu Slovenskej akadémie vied v Bratislave ;
Volume/sequential designation zv. 8
500 ## - GENERAL NOTE
General note Výtah rus., franc., něm.
500 ## - GENERAL NOTE
General note S barev. il.
830 #0 - SERIES ADDED ENTRY--UNIFORM TITLE
Uniform title Knižnica ľudového umenia
830 #0 - SERIES ADDED ENTRY--UNIFORM TITLE
Uniform title Práce Národopisného ústavu Slovenskej akadémie vied
910 ## - USER-OPTION DATA (OCLC)
User-option data ABA001
942 ## - ADDED ENTRY ELEMENTS (KOHA)
Source of classification or shelving scheme Dewey Decimal Classification
Koha item type Odborná literatúra pre dospelých
Suppress in OPAC No
Holdings
Stav vyradenia Strata Poškodenie Spôsob nadobudnutia Domovská knižnica Aktuálna knižnica Dátum nadobudnutia Total checkouts Čiarový kód exemplára Date last seen Typ exemplára
      Dar Obecná knižnica Horná Štubňa Obecná knižnica Horná Štubňa 16.01.2026   4736200100 16.01.2026 Odborná literatúra pre dospelých
Projekt je podporený Slovenskou asociáciou knižníc
Prevádzkuje Turčianska knižnica Martin 2026